Handbook of polymer testing : (Record no. 2717)

000 -LEADER
fixed length control field 00573nam a2200217 a 4500
001 - CONTROL NUMBER
control field 2717
003 - CONTROL NUMBER IDENTIFIER
control field BD-DhUET
008 - FIXED-LENGTH DATA ELEMENTS--GENERAL INFORMATION
fixed length control field 980925s1999 nyua bf 001 0 eng
020 ## - INTERNATIONAL STANDARD BOOK NUMBER
International Standard Book Number 0824701712
040 ## - CATALOGING SOURCE
Original cataloging agency DLC
Transcribing agency DLC
Modifying agency BD-DhUET
082 00 - DEWEY DECIMAL CLASSIFICATION NUMBER
Classification number 620.19202
Item number BRO/1999
245 00 - TITLE STATEMENT
Title Handbook of polymer testing :
Remainder of title physical methods
260 ## - PUBLICATION, DISTRIBUTION, ETC. (IMPRINT)
Place of publication, distribution, etc. New York
Name of publisher, distributor, etc. Marcel Dekker
Date of publication, distribution, etc. 1999
300 ## - PHYSICAL DESCRIPTION
Extent x, 845 p.
Other physical details ill.
Dimensions 26 cm.
490 1# - SERIES STATEMENT
Series statement Plastics engineering
504 ## - BIBLIOGRAPHY, ETC. NOTE
Bibliography, etc Includes bibliographies
650 #0 - SUBJECT ADDED ENTRY--TOPICAL TERM
Topical term or geographic name as entry element Plastics
650 #0 - SUBJECT ADDED ENTRY--TOPICAL TERM
Topical term or geographic name as entry element Polymers
700 1# - ADDED ENTRY--PERSONAL NAME
Personal name Brown, Roger
942 ## - ADDED ENTRY ELEMENTS (KOHA)
Koha item type Edited Book
Holdings
Koha full call number Lost status Shelving location Koha item type Location (home branch) Piece designation (barcode) Koha date last seen Sublocation or collection (holding branch) Not for loan Copy number Source of classification or shelving scheme Price effective from Koha normalized classification for sorting Withdrawn status Date acquired Damaged status
620.19202/BRO/1999 Circulation sectionEdited BookCentral Library, BUET980082014-09-29Central Library, BUET 1 2014-09-29620_000000000000000_19202BRO19 2014-09-29 
620.19202/BRO/1999 Reference sectionReferenceCentral Library, BUET980072015-10-13Central Library, BUET 1 2015-10-13620_192020000000000_BRO_1999 2015-10-13